000 00455nam a2200181Ia 4500
001 2322
005 20260306144758.0
008 260306t2009||||xx |||||||||||||| ||spa||
041 _aESP
082 _a616.8589
_bY78
100 _aYoung, Susan
_eAUT
245 0 _aTDAH en adultos:
_buna guía psicológica para la práctica
260 _c2009
300 _aXXXI : 282 páginas :
_c23 cm.
650 _aGEN
654 _aCPS
942 _cLIB
_dJUS
_fJUS
_2ddc
_n
999 _c2322
_d2322